Архитектура вычислительных систем и компьютерных сетей: учебное пособие

Dades bibliogràfiques
Autor principal: Степанов А. Н. Анатолий Николаевич
Sumari:Систематически излагаются базовые понятия и основные принципы построения архитектур вычислительных систем и компьютерных сетей, начиная от разрядно-последовательной архитектуры и заканчивая многоядерными процессорами. Содержание учебника соответствует требованиям Государственного образовательного стандарта по специальности «Математическое обеспечение и администрирование информационных систем» (010503) и типовой программе дисциплины «Архитектура вычислительных систем и компьютерных сетей», одобренной Научно-методическим советом УМО по образованию в области математического обеспечения и администрирования информационных систем. Материал учебника может быть полезен также студентам, обучающимся по специальности «Прикладная математика и информатика» (010501) и другим специальностям высших учебных заведений, связанным с современными информационными технологиями.
Idioma:rus
Publicat: СПб., Питер, 2007
Col·lecció:Издательская программа "300 лучших учебников для высшей школы в честь 300-летия Санкт-Петербурга"
Matèries:
Format: MixedMaterials Llibre
KOHA link:https://koha.lib.tpu.ru/cgi-bin/koha/opac-detail.pl?biblionumber=118667

MARC

LEADER 00000nam0a2200000 4500
001 118667
005 20231031124221.0
010 |a 9785469014515 
035 |a (RuTPU)RU\TPU\book\128406 
090 |a 118667 
100 |a 20070615d2007 m y0rusy50 ca 
101 0 |a rus 
102 |a RU 
105 |a a j 001zy 
200 1 |a Архитектура вычислительных систем и компьютерных сетей  |e учебное пособие  |f А. Н. Степанов 
210 |a СПб.  |c Питер  |d 2007 
215 |a 509 с.  |c ил. 
225 1 |a Издательская программа "300 лучших учебников для высшей школы в честь 300-летия Санкт-Петербурга" 
320 |a Библиогр.: с. 493-495. 
320 |a Алфавитный указатель: с. 496-508. 
330 |a Систематически излагаются базовые понятия и основные принципы построения архитектур вычислительных систем и компьютерных сетей, начиная от разрядно-последовательной архитектуры и заканчивая многоядерными процессорами. Содержание учебника соответствует требованиям Государственного образовательного стандарта по специальности «Математическое обеспечение и администрирование информационных систем» (010503) и типовой программе дисциплины «Архитектура вычислительных систем и компьютерных сетей», одобренной Научно-методическим советом УМО по образованию в области математического обеспечения и администрирования информационных систем. Материал учебника может быть полезен также студентам, обучающимся по специальности «Прикладная математика и информатика» (010501) и другим специальностям высших учебных заведений, связанным с современными информационными технологиями. 
610 1 |a вычислительные системы 
610 1 |a архитектура 
610 1 |a персональные компьютеры 
610 1 |a устройство 
610 1 |a данные 
610 1 |a обработка данных 
610 1 |a системный блок 
610 1 |a периферийные устройства 
610 1 |a компьютерные сети 
610 1 |a линии связи 
610 1 |a классификация 
610 1 |a топология 
610 1 |a сетевое оборудование 
610 1 |a базовые сетевые технологии 
610 1 |a учебные пособия 
675 |a 681.322-181.4(075.8)  |v 3 
675 |a 681.324(075.8)  |v 3 
700 1 |a Степанов  |b А. Н.  |g Анатолий Николаевич 
801 1 |a RU  |b 63413507  |c 20070615  |g PSBO 
801 2 |a RU  |b 63413507  |c 20210211  |g PSBO 
900 |a Архитектура ВМ и сетей ЭВМ 
900 |a Архитектура и программные средства распределенных систем 
900 |a Архитектура ЭВМ и систем 
900 |a Архитектура вычислительных систем 
900 |a Архитектура вычислительных систем и компьютерных сетей 
900 |a Администрирование информационных систем 
900 |a Администрирование в информационных системах 
942 |c BK 
951 |b 010500  |b 010501 
952 |b 010503 
955 |b 010503 
959 |a 47/20070604  |d 2  |e 285,00  |f ЧЗТЛ:2